000 00645nam a2200241Ia 4500
003 OSt
005 20220912151029.0
006 a|||||r|||| 00| 0
007 ta
008 220909b |||||||| |||| 00| 0 eng d
024 _a49572
037 _cTextual
040 _aCSL
_beng
_cCSL
041 _aeng
082 _aI:33E150, M0
100 _aBergersen F J Ed.
245 0 _aMethods for evaluating biological nitrogen fixation
260 _aChichester
_bJohn Wiley
_c1980
300 _ax, 702p.
_ccm.
650 _aPlant Nitrogen
942 _hI:33E150, M0
_cTEXL
_2CC
999 _c59735
_d59735